| 000 | 01170cam a2200289 a 4500 | ||
|---|---|---|---|
| 999 |
_c126781 _d126781 |
||
| 001 | 1054946 | ||
| 003 | ARRUPE | ||
| 005 | 20170825092615.0 | ||
| 008 | 900907s1991 pau b 001 0 eng | ||
| 010 | _a 90048495 | ||
| 020 | _a0812230779 | ||
| 040 |
_aDLC _cDLC _dDLC |
||
| 043 | _an-us--- | ||
| 050 | 0 | 0 |
_aPS303 _b.D53 1991 |
| 082 | 0 | 0 |
_a811/.4 _220 |
| 100 | 1 |
_aDickie, Margaret, _d1935- _935247 |
|
| 245 | 1 | 0 |
_aLyric contingencies : _bEmily Dickinson and Wallace Stevens / _cMargaret Dickie. |
| 260 |
_aPhiladelphia : _bUniversity of Pennsylvania Press, _cc1991. |
||
| 300 |
_a196 p. ; _c24 cm. |
||
| 504 | _aIncludes bibliographical references (p. [173]-190) and indexes. | ||
| 600 | 1 | 0 |
_aDickinson, Emily, _d1830-1886 _xCriticism and interpretation. _935248 |
| 600 | 1 | 0 |
_aStevens, Wallace, _d1879-1955 _xCriticism and interpretation. _935249 |
| 650 | 0 |
_aAmerican poetry _xHistory and criticism. _915950 |
|
| 906 |
_a7 _bcbc _corignew _d1 _eocip _f19 _gy-gencatlg |
||
| 942 |
_2lcc _cMONOGRAPH |
||